Handbook of food processing equipment
Salvato in:
| Autori principali: | , |
|---|---|
| Natura: | Libro |
| Lingua: | inglese |
| Pubblicazione: |
Nueva York
Kluwer Academic
2002
|
| Edizione: | 1a. ed |
| Serie: | Food Engineering Series
|
| Soggetti: | |
| Tags: |
Aggiungi Tag
Nessun Tag, puoi essere il primo ad aggiungerne!!
|
MARC
| LEADER | 00000cam a2200000 a 4500 | ||
|---|---|---|---|
| 001 | UCK2552 | ||
| 003 | CL-VaPUC | ||
| 008 | 050304e20020000US |||||||||||||||||eng|d | ||
| 020 | |a 0306472767 | ||
| 082 | 0 | 4 | |a 664.00284 |b SAR |2 21 |
| 100 | 0 | |a Saravacos, George D |e author |9 490473 | |
| 700 | 0 | |a Kostaropoulos, Athanasios E |e author |9 490474 | |
| 245 | 1 | 0 | |a Handbook of food processing equipment |
| 250 | |a 1a. ed | ||
| 300 | |a 698 p | ||
| 942 | |c BK | ||
| 945 | |d 20050304 00:00:00 |a cmena | ||
| 260 | |a Nueva York |b Kluwer Academic |c 2002 | ||
| 650 | 0 | |a Industria alimentaria |9 331702 | |
| 650 | 7 | |a TECNOLOGIA DE ALIMENTOS |2 CL-VaPUC |9 490475 | |
| 650 | 7 | |a EQUIPOS Y ACCESORIOS |2 CL-VaPUC |9 10 | |
| 583 | |a last modification |c 20170926 11:53:36 |k Rodrigo Vera | ||
| 490 | 0 | |a Food Engineering Series | |
| 999 | |c 312056 |d 312054 | ||
| 952 | |0 0 |1 0 |4 0 |6 664_002840000000000_SAR_2002 |7 0 |8 A |9 381858 |a BIBALI |b BIBALI |c GEN |d 2019-11-21 |i 409705K |o 664.00284 SAR 2002 |p 409705K |r 2025-01-20 |w 2019-11-21 |y BK |k ALI | ||
| 952 | |0 0 |1 0 |3 erd |4 0 |6 664_002840000000000_SAR_2002 |7 0 |8 A |9 381859 |a BIBALI |b BIBALI |c GEN |i 5426405 |o 664.00284 SAR 2002 |p 5426405 |r 2025-01-20 |w 2019-11-21 |y BK |z Catalogado en:20170929 |k ALI | ||